000
00204 a2200097 4500
001
20486
100
_a
245
_a
Basic Electrical Engineering
260
_a
_b
Mir Publishers
_c
090
_c
14891
_d
14891
942
_a
NUST-CAE
_c
M
_c
5437
999
_c
255559
_d
255559